| 000 | 00459nam a2200145Ia 4500 | ||
|---|---|---|---|
| 008 | 220326s9999||||xx |||||||||||||| ||und|| | ||
| 020 | _a978-979-8897-44-3 | ||
| 084 | _a10301 MUL Gov Bo.2b | ||
| 100 | _aKhairul Muluk | ||
| 245 | 0 | _aPeta Konsep Desentralisasi dan Pemerintahan Daerah | |
| 260 |
_aSurabaya _bITS Press _c2009 |
||
| 300 | _axii + 227 halaman | ||
| 650 |
_aGovernment (Pemerintahan) _eG-O-V _yDesentralisasi dan Pemerintahan Daerah |
||
| 942 | _cBK | ||
| 999 |
_c13063 _d13063 |
||